<?xml version="1.0" encoding="UTF-8"?>
<record
    xmlns:xsi="http://www.w3.org/2001/XMLSchema-instance"
    xsi:schemaLocation="http://www.loc.gov/MARC21/slim http://www.loc.gov/standards/marcxml/schema/MARC21slim.xsd"
    xmlns="http://www.loc.gov/MARC21/slim">

  <leader>01317nam0a22003851  4500</leader>
  <controlfield tag="001">RU\NLR\A1SV\105183</controlfield>
  <controlfield tag="005">20260123095855.0</controlfield>
  <datafield tag="035" ind1=" " ind2=" ">
    <subfield code="a">(NLR Aleph) 009786536</subfield>
  </datafield>
  <datafield tag="090" ind1=" " ind2=" ">
    <subfield code="a">10118318</subfield>
    <subfield code="c">10118318</subfield>
  </datafield>
  <datafield tag="100" ind1=" " ind2=" ">
    <subfield code="a">20100702d1923    u  y0rusy50      ca</subfield>
  </datafield>
  <datafield tag="101" ind1="1" ind2=" ">
    <subfield code="a">rus</subfield>
    <subfield code="c">fre</subfield>
  </datafield>
  <datafield tag="102" ind1=" " ind2=" ">
    <subfield code="a">RU</subfield>
  </datafield>
  <datafield tag="200" ind1="1" ind2=" ">
    <subfield code="a">&#x41F;&#x43E;&#x441;&#x43B;&#x435;&#x434;&#x43D;&#x438;&#x435; &#x43C;&#x44B;&#x441;&#x43B;&#x438;</subfield>
    <subfield code="f">&#x410;&#x43D;&#x440;&#x438; &#x41F;&#x443;&#x430;&#x43D;&#x43A;&#x430;&#x440;&#x44D;</subfield>
    <subfield code="g">&#x41F;&#x435;&#x440;. &#x410;.&#x418;.&#x421;&#x442;&#x43E;&#x436;&#x430;&#x440;&#x43E;&#x432;&#x430;, &#x43F;&#x43E;&#x434; &#x440;&#x435;&#x434;. [&#x438; &#x441; &#x43F;&#x440;&#x435;&#x434;&#x438;&#x441;&#x43B;.] &#x410;.&#x41F;.&#x410;&#x444;&#x430;&#x43D;&#x430;&#x441;&#x44C;&#x435;&#x432;&#x430;</subfield>
    <subfield code="g">&#x421; &#x43F;&#x43E;&#x440;&#x442;&#x440;. &#x430;&#x432;&#x442;.</subfield>
  </datafield>
  <datafield tag="210" ind1=" " ind2=" ">
    <subfield code="a">&#x41F;&#x433;.</subfield>
    <subfield code="c">&#x41D;&#x430;&#x443;&#x447;. &#x43A;&#x43D;-&#x432;&#x43E;</subfield>
    <subfield code="d">1923</subfield>
  </datafield>
  <datafield tag="215" ind1=" " ind2=" ">
    <subfield code="a">134 &#x441;., 1 &#x43B;. &#x43F;&#x43E;&#x440;&#x442;&#x440;.</subfield>
    <subfield code="d">17 &#x441;&#x43C;</subfield>
  </datafield>
  <datafield tag="620" ind1=" " ind2=" ">
    <subfield code="d">&#x421;&#x430;&#x43D;&#x43A;&#x442;-&#x41F;&#x435;&#x442;&#x435;&#x440;&#x431;&#x443;&#x440;&#x433;</subfield>
  </datafield>
  <datafield tag="700" ind1=" " ind2="1">
    <subfield code="a">&#x41F;&#x443;&#x430;&#x43D;&#x43A;&#x430;&#x440;&#x435;</subfield>
    <subfield code="b">&#x410;.</subfield>
    <subfield code="f">1854-1912</subfield>
    <subfield code="g">&#x410;&#x43D;&#x440;&#x438;</subfield>
    <subfield code="3">RU\NLR\AUTH\7756915</subfield>
  </datafield>
  <datafield tag="702" ind1=" " ind2="1">
    <subfield code="a">&#x421;&#x442;&#x43E;&#x436;&#x430;&#x440;&#x43E;&#x432;</subfield>
    <subfield code="b">&#x410;.&#x418;.</subfield>
    <subfield code="f">1900-1982</subfield>
    <subfield code="g">&#x410;&#x43D;&#x434;&#x440;&#x435;&#x439; &#x418;&#x432;&#x430;&#x43D;&#x43E;&#x432;&#x438;&#x447;</subfield>
  </datafield>
  <datafield tag="702" ind1=" " ind2="1">
    <subfield code="a">&#x410;&#x444;&#x430;&#x43D;&#x430;&#x441;&#x44C;&#x435;&#x432;</subfield>
    <subfield code="b">&#x410;. &#x41F;.</subfield>
    <subfield code="c">&#x444;&#x438;&#x437;&#x438;&#x43A;</subfield>
    <subfield code="f">1878-1940</subfield>
    <subfield code="g">&#x410;&#x43F;&#x43E;&#x43B;&#x43B;&#x43E;&#x43D; &#x41F;&#x430;&#x432;&#x43B;&#x43E;&#x432;&#x438;&#x447;</subfield>
    <subfield code="3">RU\NLR\AUTH\7772318</subfield>
  </datafield>
  <datafield tag="801" ind1=" " ind2="0">
    <subfield code="a">RU</subfield>
    <subfield code="b">NLR</subfield>
    <subfield code="c">20100702</subfield>
  </datafield>
  <datafield tag="852" ind1=" " ind2=" ">
    <subfield code="a">NLR</subfield>
    <subfield code="j">40.15.7.56</subfield>
  </datafield>
  <datafield tag="852" ind1=" " ind2=" ">
    <subfield code="a">NLR</subfield>
    <subfield code="j">128/2581</subfield>
  </datafield>
  <datafield tag="852" ind1=" " ind2=" ">
    <subfield code="a">NLR</subfield>
    <subfield code="j">&#x41C;&#x444; &#x41A;1/1413</subfield>
  </datafield>
  <datafield tag="899" ind1=" " ind2=" ">
    <subfield code="a">&#x413;&#x41F;&#x418;&#x411;</subfield>
  </datafield>
  <datafield tag="899" ind1=" " ind2=" ">
    <subfield code="a">&#x421;&#x41F;&#x431;&#x413;&#x423;</subfield>
  </datafield>
  <datafield tag="899" ind1=" " ind2=" ">
    <subfield code="a">&#x410;&#x41A;&#x423;&#x41D;&#x411;</subfield>
  </datafield>
  <datafield tag="899" ind1=" " ind2=" ">
    <subfield code="a">&#x412;&#x43B;&#x430;&#x434;&#x41E;&#x423;&#x41D;&#x411;</subfield>
  </datafield>
  <datafield tag="899" ind1=" " ind2=" ">
    <subfield code="a">&#x420;&#x413;&#x411;</subfield>
  </datafield>
  <datafield tag="899" ind1=" " ind2=" ">
    <subfield code="a">&#x422;&#x41E;&#x423;&#x41D;&#x411;</subfield>
  </datafield>
  <datafield tag="899" ind1=" " ind2=" ">
    <subfield code="a">&#x41A;&#x438;&#x440;&#x41E;&#x423;&#x41D;&#x411;</subfield>
  </datafield>
  <datafield tag="899" ind1=" " ind2=" ">
    <subfield code="a">&#x41C;&#x413;&#x423;</subfield>
  </datafield>
  <datafield tag="942" ind1=" " ind2=" ">
    <subfield code="c">BOOK</subfield>
  </datafield>
  <datafield tag="980" ind1=" " ind2=" ">
    <subfield code="a">A1SV</subfield>
  </datafield>
  <datafield tag="980" ind1=" " ind2=" ">
    <subfield code="a">NB</subfield>
  </datafield>
  <datafield tag="995" ind1=" " ind2=" ">
    <subfield code="5">2016-05-13</subfield>
    <subfield code="b">NLR02</subfield>
    <subfield code="c">NLR02</subfield>
    <subfield code="e">RFS</subfield>
    <subfield code="f">9786536-10</subfield>
    <subfield code="k">40.15.7.56</subfield>
    <subfield code="o">0</subfield>
    <subfield code="r">BOOK</subfield>
    <subfield code="s">4015756_</subfield>
  </datafield>
</record>
